The Payment of Banus Act 1965 (Record no. 3782)

MARC details
000 -LEADER
fixed length control field 00346nam a22001457a 4500
005 - DATE AND TIME OF LATEST TRANSACTION
control field 20180413121721.0
008 - FIXED-LENGTH DATA ELEMENTS--GENERAL INFORMATION
fixed length control field 160624b xxu||||| |||| 00| 0 eng d
041 ## - LANGUAGE CODE
Language code of text/sound track or separate title eng
082 ## - DEWEY DECIMAL CLASSIFICATION NUMBER
Item number 9728
Classification number 348
245 ## - TITLE STATEMENT
Title The Payment of Banus Act 1965
260 ## - PUBLICATION, DISTRIBUTION, ETC. (IMPRINT)
Name of publisher Commercial Law Publication
Year of publication 2009
300 ## - PHYSICAL DESCRIPTION
Number of Pages 48
650 ## - SUBJECT ADDED ENTRY--TOPICAL TERM
Topical Term Management
942 ## - ADDED ENTRY ELEMENTS (KOHA)
Koha item type Books
Holdings
Lost status Damaged status Collection code Home library Current library Shelving location Date acquired Cost, normal purchase price Full call number Accession Number Koha item type
    LAW JRU Library JRU Library SHELF-31-C 24/06/2016 40.00 348 9728 Books
    LAW JRU Library JRU Library SHELF-31-C 24/06/2016 40.00 348 9729 Books
    LAW JRU Library JRU Library SHELF-31-C 24/06/2016 40.00 348 9730 Books